How to study effectively without forgetting and excel in your studies/ (Record no. 8500)

MARC details
000 -LEADER
fixed length control field 00801nam a2200169Ia 4500
020 ## - INTERNATIONAL STANDARD BOOK NUMBER
ISBN 9789988513979
050 ## - CALL NUMBER
Classification number LB1049
Item number .J49
100 1# - AUTHOR
Personal name Jesko Writers
245 10 - TITLE
Title How to study effectively without forgetting and excel in your studies/
Statement of responsibility, etc Jesko, Writers
260 ## - PUBLICATION INFORMATION
Place of publication Ghana
Name of publisher Jesko Writers
Year of publication 2025
300 ## - DESCRIPTION
Number of Pages 67 pages.
Dimensions 20cm.
505 ## - FORMATTED CONTENTS NOTE
Table of Content ch1. why you must study- Motivation to study<br/>Ch 2. How to study without forgetting<br/>Ch. 3. Some Helpful learning techniques<br/>Ch. 4. Asking and answering questions during teaching and learning sessions<br/>Ch. 5. Time management strategies and studies<br/>Ch. 6. Winning Tips during techniques and learning session<br/>Ch. 7. The God factor in Studying and learning
650 #0 - SUBJECTS
Topical Term Study skills.
650 #0 - SUBJECTS
Topical Term Study skills
942 ## - ADDED ENTRY ELEMENTS (KOHA)
Koha item type Books
Holdings
Withdrawn status Lost status Collection code Home library Current library Shelving location Date acquired Source of acquisition Full call number Accession Number Koha item type
    Reference Methodist University Library Main Methodist University Library Main General Stacks 01/09/2025 Purchased from University Of Ghana Book Shop Main LB1049 .J49 8971 Books
    Reference Methodist University Library Main Methodist University Library Main General Stacks 01/09/2025 Purchased from University Of Ghana Book Shop Main LB1049 .J49 8972 Books
    Reference Methodist University Library Main Methodist University Library Main General Stacks 01/09/2025 Purchased from University Of Ghana Book Shop Main LB1049 .J49 8973 Books
    Reference Methodist University Library Main Methodist University Library Main General Stacks 01/09/2025 Purchased from University Of Ghana Book Shop Main LB1049 .J49 8974 Books
    Reference Methodist University Library Main Methodist University Library Main General Stacks 01/09/2025 Purchased from University Of Ghana Book Shop Main LB1049 .J49 8975 Books
    Reference Methodist University Library Main Methodist University Library Main General Stacks 01/09/2025 Purchased from University Of Ghana Book Shop Main LB1049 .J49 8976 Books
    Reference Methodist University Library Main Methodist University Library Main General Stacks 01/09/2025 Purchased from University Of Ghana Book Shop Main LB1049 .J49 8977 Books
Copyright © 2026  MUG Library